Southville International School and Colleges
Your cart is empty.
  • Cart
  • Lists
    Public lists Eva Luna New books Lux_list list_1
    Your lists Log in to create your own lists
  • Log in to your account
  • Your cookies
  • Search history
Southville International School and Colleges
  • Advanced search
  • Recent comments
  • Most popular
  • Libraries

Log in to your account

Log in with GOOGLE


If you do not have an external account, but do have a local account, you can still log in:

  1. Home
  2. MARC view: Machine learning with oneAPI
Normal view MARC view ISBD view

Machine learning with oneAPI (Record no. 366027)

[ view plain ]
MARC details
000 -LEADER
fixed length control field 00684nam a22002057a 4500
003 - CONTROL NUMBER IDENTIFIER
control field 0
005 - DATE AND TIME OF LATEST TRANSACTION
control field 20240725142522.0
008 - FIXED-LENGTH DATA ELEMENTS--GENERAL INFORMATION
fixed length control field 240725b xxu||||| |||| 00| 0 eng d
020 ## - INTERNATIONAL STANDARD BOOK NUMBER
International Standard Book Number 9781032493114
050 ## - LIBRARY OF CONGRESS CALL NUMBER
Classification number QA 76.76
Item number .M33 2024
245 ## - TITLE STATEMENT
Title Machine learning with oneAPI
260 ## - PUBLICATION, DISTRIBUTION, ETC. (IMPRINT)
Place of publication, distribution, etc Oxon
Name of publisher, distributor, etc CRC Press
Date of publication, distribution, etc 2024
300 ## - PHYSICAL DESCRIPTION
Extent xiii, 195 pages :
Other physical details black and white illustrations ;
Dimensions 24cm.
504 ## - BIBLIOGRAPHY, ETC. NOTE
Bibliography, etc Includes index.
650 ## - SUBJECT ADDED ENTRY--TOPICAL TERM
Topical term or geographic name as entry element Application program interfaces (computer software)--development.
650 ## - SUBJECT ADDED ENTRY--TOPICAL TERM
Topical term or geographic name as entry element Machine learning--computer programs.
650 ## - SUBJECT ADDED ENTRY--TOPICAL TERM
Topical term or geographic name as entry element Cross--platform software development.
700 ## - ADDED ENTRY--PERSONAL NAME
Personal name Vasudevan, Shriram K. [and three others]
942 ## - ADDED ENTRY ELEMENTS (KOHA)
Source of classification or shelving scheme Library of Congress Classification
Koha item type Books
Holdings
Withdrawn status Lost status Source of classification or shelving scheme Damaged status Home library Current library Shelving location Date acquired Source of acquisition Sub Shelving location Total Checkouts Full call number Barcode Date last seen Price effective from Koha item type
    Library of Congress Classification   College Library College Library Reserve Section 07/25/2024 Library Fund     QA 76.76 .M33 2024 C23458 07/25/2024 07/25/2024 Books

Machine learning with oneAPI

APA

Vasudevan S. K. [. t. o., . (2024). Machine learning with oneAPI. Oxon: CRC Press.

Chicago

Vasudevan Shriram K [and three others], . 2024. Machine learning with oneAPI. Oxon: CRC Press.

Harvard

Vasudevan S. K. [. t. o., . (2024). Machine learning with oneAPI. Oxon: CRC Press.

MLA

Vasudevan Shriram K [and three others], . Machine learning with oneAPI. Oxon: CRC Press. 2024.

  • Place hold
  • Print
  • Cite
  • Add to your cart (remove)
  • Save record
    BIBTEX Dublin Core MARCXML MARC (non-Unicode/MARC-8) MARC (Unicode/UTF-8) MARC (Unicode/UTF-8, Standard) MODS (XML) RIS
  • More searches
    Search for this title in:
    Other Libraries (WorldCat) Other Databases (Google Scholar) Online Stores (Bookfinder.com) Open Library (openlibrary.org)

Exporting to Dublin Core...

SOUTHVILLE LIBRARY

Southville International School and Colleges Library

1281 Tropical Ave. Cor. Luxembourg St., BF Homes International, Las Pinas City

Tel. No. 8256374 / 252358 Loc. 117/146

Powered by Koha